• 首页
  • 本馆介绍
  • 公告通知
  • 最新文献
  • 馆藏检索
  • 电子资源
  • 读者导购
  • 参考咨询
  • 我的图书馆
  • 登录
  • 详细信息显示
  • 放入我的书架
  • 预约/预借图书
  • 作者相关作品
  • 分类相关作品
  • 丛书相关作品
  • 出版社相关作品

书目信息

  • 表格格式
  • 工作单格式
  • 卡片格式
题名:
网中结网
    
 
作者: 杨竞锐 编著
分册:  
出版信息: 北京   科学出版社  2000.04
页数: 221页
开本: 32开
丛书名: 新网民手册
单 册:
中图分类: TP393-49
科图分类:
主题词: 计算机网络--基础知识 , 计算机应用
电子资源:
ISBN: 7-03-007935-3
000 00635nam0 2200229 45
001 0105231086
005 20031219104050.0
010    @a7-03-007935-3@dCNY12.00
100    @a20010523d2000 km y0chiy0120 ea
101 0  @achi
105    @a z 000yy
200 1  @a网中结网@AWang Zhong Jie Wang@f杨竞锐编著@FYang Jing Rui Bian Zhu
210    @a北京@c科学出版社@d2000.04
215    @a221页@d32开
225    @a新网民手册
410    @12001 @a新网民手册
606 0  @a计算机网络@x基础知识
606 0  @a计算机应用
690    @aTP393-49@v4
701    @a杨竞锐@4编著
801    @aCN@bTSTC@c20010525
905    @f5@b297624-628@dTP393-49@e315
    
    网中结网/杨竞锐编著.-北京:科学出版社,2000.04
    221页;32开.-(新网民手册)
    
    
    ISBN 7-03-007935-3:CNY12.00
    
●
相关链接 在E读中查询图书 在五车中查询图书 在当当中查询图书 在豆瓣中查询图书


正题名:网中结网     索取号:TP393-49/315         预约/预借

序号 登录号 条形码 馆藏地/架位号 状态 备注
1 0297624   202976244   第三借阅区/ [索取号:TP393-49/315] 在馆    
2 0297625   202976253   第三借阅区/ [索取号:TP393-49/315] 在馆    
3 0297626   202976262   第三借阅区/ [索取号:TP393-49/315] 在馆    
4 0297627   202976271   第三借阅区/ [索取号:TP393-49/315] 在馆    
5 0297628   202976280   第二样本阅览室/ [索取号:TP393-49/315] 在馆    
唐山师范学院图书馆 欢迎您!
大连网信软件有限公司© 版权所有